| 000 | 01403nam0a22002531 4500 | ||
|---|---|---|---|
| 001 | rc\3578190 | ||
| 005 | 20260408001535.0 | ||
| 021 |
_aRU _bРг6390-74 |
||
| 021 |
_aRU _b74-38344 |
||
| 035 | _a(NLR Aleph) 007695674 | ||
| 090 |
_a6689741 _c6689741 |
||
| 100 | _a20130115d1974 |||y0rusy50 ca | ||
| 101 | 0 | _arus | |
| 102 | _aRU | ||
| 105 | _ay j ||||| | ||
| 200 | 1 |
_aПеречень типового учебно-лабораторного оборудования и наглядных пособий для профилирующих дисциплин по специальности 0649 - "Автоматизация теплоэнергетических процессов" высших учебных заведений _fМ-во высш. и сред. спец. образ. СССР. Учеб-метод. упр. по высш. образованию. Науч.-метод. кабинет по высш. образованию и повышению квалификации |
|
| 210 |
_aМосква _cИзд-во Моск. ун-та _d1974 |
||
| 215 |
_a24 с. _d21 |
||
| 712 | 0 | 2 |
_aНаучно-методический кабинет по высшему образованию и повышению квалификации _cМосква _3RU\NLR\AUTH\8810165840 _9827693 |
| 801 | 0 |
_aRU _bNLR _gpsbo |
|
| 801 | 1 |
_aRU _bELAR _2rusmarc |
|
| 852 |
_aNLR _j73-6/14047 |
||
| 942 | _cBOOK | ||
| 980 | _aNB | ||